000
00213nam a22000857a 4500
008
170215b xxu||||| |||| 00| 0 eng d
100
_9
2874
_a
CBSE
245
_a
Environmental Education-9
260
_a
New Delhi
_b
CBSE
_c
2006
999
_c
6098
_d
6098